Mỹ thuật vẽ ký họa
Đã lưu trong:
| 主要作者: | |
|---|---|
| 格式: | 图书 |
| 出版: |
Hà Nội
Mỹ thuật
2013
|
| 主题: | |
| 标签: |
添加标签
没有标签, 成为第一个标记此记录!
|
| Thư viện lưu trữ: | Trung tâm Học liệu Lê Vũ Hùng, Trường Đại học Đồng Tháp |
|---|
| LEADER | 00725pam a22002538a 4500 | ||
|---|---|---|---|
| 001 | 00041757 | ||
| 005 | 20180724150751.0 | ||
| 008 | 141103s2013 ||||||Viesd | ||
| 020 | # | # | |c 24000 |
| 041 | 0 | # | |a Vie |
| 082 | 1 | 4 | |a 743 |b M600TH |
| 100 | 0 | # | |a Gia, Bảo |
| 245 | 0 | 0 | |a Mỹ thuật vẽ ký họa |c Gia Bảo |
| 260 | # | # | |a Hà Nội |b Mỹ thuật |c 2013 |
| 300 | # | # | |a 55 tr. |b ảnh, tranh vẽ |c 29 cm. |
| 653 | # | # | |a Bí quyết |
| 653 | # | # | |a Vẽ tranh |
| 653 | # | # | |a Kí họa |
| 653 | # | # | |a Mỹ thuật |
| 653 | # | # | |a Phương pháp |
| 653 | # | # | |a Vẽ ký họa |
| 852 | # | # | |j KM.0002093 |
| 910 | |d 24/07/2018 | ||
| 980 | # | # | |a Trung tâm Học liệu Lê Vũ Hùng, Trường Đại học Đồng Tháp |